| 000 | 00835 a2200229 4500 | ||
|---|---|---|---|
| 010 | _aENG-89791 | ||
| 020 |
_a8180694100 _c500.00 |
||
| 035 | _aEN-73324 | ||
| 037 | _bDBAD / VEN | ||
| 082 | 1 | 4 | _a363.7 |
| 090 |
_c11702 _d11702 |
||
| 100 | 1 | _aRavichandran, M. | |
| 245 | 1 |
_aEnvironmental management: _cby M. Ravichandran [and]S. Boopathi _bissues in potable water in rurlal Tamil Nadu/ |
|
| 260 |
_aNew Delhi _bConcept Publishing Co. _c2007 |
||
| 260 | _bBook Link (India) | ||
| 270 |
_aA/15-16, commercial Block, Mohan Garden, _e110 059. _bNew Delhi _cDelhi |
||
| 300 |
_axviii, 244p.: _c21 cm (Hb) |
||
| 500 | _aIncludes bibliographical references & index. | ||
| 700 | _aBoopathi, S. | ||
| 942 |
_adpl _cEN _k363.7/ RAV |
||
| 999 |
_c11382 _d11382 |
||